A Guide to Acts / (Record no. 4491)

MARC details
000 -LEADER
fixed length control field 00503nam a22001817a 4500
003 - CONTROL NUMBER IDENTIFIER
control field GBCCL
005 - DATE AND TIME OF LATEST TRANSACTION
control field 20241126110519.0
008 - FIXED-LENGTH DATA ELEMENTS--GENERAL INFORMATION
fixed length control field 180123b xxu||||| |||| 00| 0 eng d
040 ## - CATALOGING SOURCE
Transcribing agency gbc
082 ## - DEWEY DECIMAL CLASSIFICATION NUMBER
Classification number 226.6
Item number HAR
100 ## - MAIN ENTRY--PERSONAL NAME
Personal name Hargreaves, John
9 (RLIN) 7355
245 ## - TITLE STATEMENT
Title A Guide to Acts /
Statement of responsibility, etc. John Hargreaves
260 ## - PUBLICATION, DISTRIBUTION, ETC.
Place of publication, distribution, etc. Delhi:
Name of publisher, distributor, etc. ISPCK,
Date of publication, distribution, etc. 2000
300 ## - PHYSICAL DESCRIPTION
Extent 253 p.;
Other physical details ill.,
Dimensions 21 cm.
440 ## - SERIES STATEMENT/ADDED ENTRY--TITLE
Title ISPCK International Study Guide
Volume/sequential designation 27
9 (RLIN) 9322
650 ## - SUBJECT ADDED ENTRY--TOPICAL TERM
Topical term or geographic name entry element Bible
Form subdivision Acts of the Apostles
9 (RLIN) 12709
942 ## - ADDED ENTRY ELEMENTS (KOHA)
Source of classification or shelving scheme Dewey Decimal Classification
Koha item type Books
Koha issues (borrowed), all copies 10
Holdings
Withdrawn status Lost status Source of classification or shelving scheme Damaged status Not for loan Home library Current Library Shelving location Date acquired Total checkouts Total renewals Full call number Barcode Date last seen Date last checked out Copy number Price effective from Koha item type
    Dewey Decimal Classification     GRACE BIBLE COLLEGE GRACE BIBLE COLLEGE Biblical Studies 2018-01-23 12 2 226.6 HAR 005881 2026-03-02 2026-02-25 c.1 2018-01-23 Books
© Grace Bible College Library 2025